Structure of Christian Existence (Record no. 4973)

MARC details
000 -LEADER
fixed length control field 00574nam a2200241 a 4500
020 ## - INTERNATIONAL STANDARD BOOK NUMBER
ISBN
082 00 - DEWEY DECIMAL CLASSIFICATION NUMBER
Classification number 201
Author Cutter COB
100 ## - MAIN ENTRY--AUTHOR NAME
Author name Cobb, John B
245 ## - TITLE STATEMENT
Title Structure of Christian Existence
260 ## - PUBLICATION, DISTRIBUTION, ETC. (IMPRINT)
Place of publication London
Name of publisher Lutterworth Educational
Year of publication 1968
300 ## - PHYSICAL DESCRIPTION
Number of Pages 160p
500 ## - GENERAL NOTE
General note includes index and biblioraphy
505 2# - FORMATTED CONTENTS NOTE
Formatted contents note Index
650 ## - SUBJECT ADDED ENTRY--TOPICAL TERM
Topical Term Christianity
942 ## - ADDED ENTRY ELEMENTS (KOHA)
Koha item type Books
700 1# -
-- Cobb, John B
Holdings
Collection code Home library Current library Date acquired Cost, normal purchase price Full call number Accession Number Koha item type
  Henry Martyn Institute Library Henry Martyn Institute Library 03/19/2007 140.70 201 COB 09738 Books
                   Copyright © 2026 | Henry Martyn Institute | Hyderabad | TS-500052 | INDIA | Implemented by hmi.edu.in
Hit-Count:

Powered by Koha